| 000 | 00573nam a2200217Ia 4500 | ||
|---|---|---|---|
| 003 | OSt | ||
| 005 | 20220113014501.0 | ||
| 008 | 151021s9999 xx 000 0 und d | ||
| 020 | _a866097589 | ||
| 040 |
_aMMU _beng _cMMU _dMMU |
||
| 050 | _aPN 59 .L 1987 | ||
| 100 | _aDristle Gail A. | ||
| 245 |
_aLiterature: _bGreen level/ |
||
| 260 |
_aNew York ; _bMcDougal,Littell&company, _c1987. |
||
| 300 |
_a721 p. : _b ill. ; |
||
| 500 | _aIncludes index | ||
| 500 | _aIncludes index | ||
| 650 | _aLiterature | ||
| 700 | _aLuann W. Glick | ||
| 942 |
_2lcc _cLOAN LOAN |
||
| 999 |
_c14682 _d14682 |
||